000 00448nam a2200181Ia 4500
005 20250603145953.0
008 250603s9999 xx 000 0 und d
020 _a9780123749802
050 _aHM 851 .S65/
100 _a Brad, Smith
245 0 _aTools and weapons : the promise and the peril of the digital age
260 _aNew York
260 _bPenguin Press
260 _c2019
300 _a346 p
650 _aNew York
942 _cBK
999 _c43390
_d43390